000 00214nam a22000857a 4500
008 161112b xxu||||| |||| 00| 0 eng d
100 _91169
_aMisra.M.
245 _aCCE Social Science-VI
260 _aNew Delhi
_bFrank
_c2012
999 _c3844
_d3844